| 000 | 04797nam a22006617a 4500 | ||
|---|---|---|---|
| 001 | |||
| 003 | dpl | ||
| 005 | 20080604092438.0 | ||
| 006 | a|||||r|||||00| 1 | ||
| 007 | ta | ||
| 008 | 080604t xxu||||| |||| 00| 0 eng d | ||
| 010 | _aB-267197-226 | ||
| 020 |
_a9780746054079 _c65.00 |
||
| 035 | _aB-267197-226 | ||
| 037 | _bBlue Berry | ||
| 040 | _aDPL | ||
| 082 | _aS / WAT | ||
| 100 | _aWatson, Carol | ||
| 245 |
_aStories of magical animals / _cretold by Carol Watson; adapted by Gill Harvey; illustrated by Nick Price |
||
| 260 |
_aLondon _bUsborne Publishing _c2003 |
||
| 260 | _bBlue Berry (Dist6ributors) | ||
| 270 |
_aUsborne Hosue, 83-85 Saffron Hill, _bLondon |
||
| 300 |
_a48p. _c18 cm (pbk) _bill. |
||
| 490 | _aUsbrone young reading series 1; edited by Lesley Sims | ||
| 700 | _aHarvey, Gill | ||
| 700 | _aPrice, Nick | ||
| 942 |
_2ddc _cCH _hS / WAT |
||
| 999 |
_c13253 _d13253 |
||